000 00773nam a2200277Ia 4500
003 OSt
005 20220912151136.0
006 a|||||r|||| 00| 0
007 ta
008 220909b |||||||| |||| 00| 0 eng d
024 _a29269
037 _cTextual
040 _aCSL
_beng
_cCSL
041 _aeng
082 _aB38:3, K4
100 _aBoas Ralph P
245 0 _aPolynomial expansions of anlaytic funtions
260 _aBerlin
_bSpringer Verlag
_c1964
300 _aviii, 76p.
_ccm.
490 _aErgebnisse der mathematik und uhrer grenzgebiete; 19
650 _a Analytic functions
650 _aPolynomial
700 _a Buck R Creighton
942 _hB38:3, K4
_cTEXL
_2CC
999 _c62194
_d62194